Normal view
MARC view
- The work, wealth and happiness of mankind
Entry Topical Term
001 - CONTROL NUMBER
- control field: 107762
003 - CONTROL NUMBER IDENTIFIER
- control field: NUST
005 - DATE AND TIME OF LATEST TRANSACTION
- control field: 20230126125258.0
008 - FIXED-LENGTH DATA ELEMENTS
- fixed length control field: 230126|| aca||aabn | a|a d
040 ## - CATALOGING SOURCE
- Original cataloging agency: NUST
- Transcribing agency: NUST
150 ## - HEADING--TOPICAL TERM
- Topical term or geographic name entry element: The work, wealth and happiness of mankind
670 ## - SOURCE DATA FOUND
- Source citation: Work cat.: (NUST)186238: Wells, Herbert George, 107680, The work, wealth and happiness of mankind /, 1931
